000 00623nam a2200241Ia 4500
003 OSt
005 20220918221442.0
006 a|||||r|||| 00| 0
007 ta
008 220917b |||||||| |||| 00| 0 eng d
024 _a175,801
037 _cTextual
040 _aARTS
_cARTS
_beng
041 _2eng
_aeng
082 _aR5, N1
100 _aChaudhary Angraj
245 0 _aComparative aesthetics
_b east and west
260 _aDelhi
_bEaster Book Linkers
_c1991
300 _axvi, 296p.
_ccm.
650 _aAESTHETICS
942 _hR5, N1
_cTEXL
_2CC
999 _c272587
_d272587